LEADER 00808nam a2200193 i 4500 001 000000242037 003 CaOOAMICUS 005 20150526000000.0 008 150526s1760 it u000 u fre u 013 $a220942 026 $a1.S. m-i- esi- cola (3) 1760 (R) 040 $aSeMil$bita 245 10$aAvent. 300 $a[4], 610, [2] p. 500 $aSegn. : pg2 A-2B12 2C6. 773 0 $aMassillon, Jean-Baptist $tSermons de M. Massillon, évêque de Clermont, ci-devant Prétre de l'Oratoire, ..$dA Paris : Chez les Frères Estienne, ruë Saint Jacques, à la Vertu ; Delalain, rue de la Comédie Françoise, 1760.$g1$w()31930 850 $aSeMil 852 $aSeMil$W1$xVenegono$y1$m3F I 443 FA$j192383$B192383$CSeMilBibl$Z2$F203218 $8I 996 $6245$aAvent$9(OLS)http://semarc/title/250505 LEADER 00935nas a2200229 i 4500 001 000000197648 003 CaOOAMICUS 005 20110311000000.0 008 110217b2010 be uu u0 0mul r 013 $a176335 040 $aSeMil$bita 245 10$a2010 : [2]. 260 $aLeuven :$bPeeters,$ccopyr. 2010. 300 $aP. [199]-444 ;$c24 cm. 500 $aArticoli con sintesi [Abstract] in testa. - Contiene [Bollettino periodico] : Bulletin de Théologie et de Philosophie médiévales. 773 0 $tRecherches de Théologie et Philosophie médiévales.$dLeuven : Peeters, copyr. 1997.$x1370-7493$w()3204 774 0 $t[vedi periodico].$w()274781 850 $aSeMil 852 $aSeMil$W1$xVenegono$y1$m54 2 58$j148204$B148204$CSeMilBibl$Z2$F160792 $85 961 $aCambio: Scuola Cattolica 996 $6245$a2010 : [2]$9(OLS)http://semarc/title/281470 996 $6260$aLeuven :$bPeeters$9(OLS)http://semarc/publisher/29755